LDR 00957naa#a2200169#i#450# 001 EN\\bibl\120531 005 20260417184443.5 011 ## _a2073-5537 100 ## _a20260416b2026####ek#y0engy0150####ca 102 ## _aRU 200 1# _aEcosystem approach to managing youth scientific creativity on digital platforms _eJournal article 210 1# _aAstrakhan _cAstrakhan State Technical University _d2026 215 ## _a10 с. 608 ## _aJournal article _2local 675 ## _aНаучно-исследовательские работы. Методы исследований. 001.891 _aВзаимодействие сетей. Межсетевой обмен. 004.738 _aИзучение проблемы организации: методология, анализ, синтез, классификация и таксономия (теория, основы), систематизация в целом. 005 _z 700 #1 _aDadashova _gTat'yana Aleksandrovna 856 4# _avestnik.astu.org _u